Reporting and writing basics for the 21st century

Saved in:
Bibliographic Details
Main Author: SCANLAN, Christopher
Format: Book
Language:English
Published: Oxford University Press 2000
Tags: Add Tag
No Tags, Be the first to tag this record!

MARC

LEADER 00000nam a22000007a 4500
008 211215b ||||| |||| 00| 0 eng d
020 |a  0-19-515523-8 
100 |a SCANLAN, Christopher 
245 |a Reporting and writing  |b  basics for the 21st century  |c Christopher Scanlan  |g  572p.; ill 
260 |b Oxford University Press  |c  2000  |h New York  |i 688943  |l PN4781 .Sca1  |m  1. Reporters and reporting.  |m Journalism - Authorship  |m Title. 
500 |a “It includes index”. 
942 |a lcc  |c BK  |e Ifatola, J. O.  |f 15/ 12/ 2021 
952 |0 0  |1 0  |2 lcc  |4 0  |6 PN4781 S C A1  |7 0  |9 3958  |a HOL  |b HOL  |c LP  |d 2021-12-15  |l 0  |o PN4781 .Sca1  |p 2021-67681  |r 2021-12-15 00:00:00  |t 688943  |w 2021-12-15  |y BK 
999 |c 1985  |d 1985